[Event "Moscow Ivi GP"]
[Site "Moscow"]
[Date "2024.10.06"]
[Round "4"]
[White "Rostovtsev, Dmitry"]
[Black "Sargissyan, Sargis"]
[Result "0-1"]
[WhiteElo "2304"]
[BlackElo "2238"]
[PlyCount "116"]
[EventDate "2024.10.05"]
[EventType "swiss"]
[EventRounds "10"]
[EventCountry "RUS"]
[SourceTitle "CB45_2024"]
[Source "ChessBase"]
[SourceDate "2024.11.06"]
[SourceVersion "1"]
[SourceVersionDate "2024.11.06"]
[SourceQuality "1"]

1. Nf3 Nf6 2. g3 d5 3. Bg2 c6 4. 0-0 Bf5 5. c4 e6 6. d4 Nbd7 7. Nc3 Be7 8. Nh4 Bg4 9. h3 Bh5 10. cxd5 Nxd5 11. Nf3 Bg6 12. Re1 Nxc3 13. bxc3 Be4 14. Bf1 Bxf3 15. exf3 0-0 16. Rb1 b6 17. f4 Nf6 18. Qf3 Qd7 19. Bd3 g6 20. g4 Rfe8 21. Re5 Nd5 22. Bd2 Bf6 23. Rbe1 b5 24. h4 Bg7 25. h5 f5 26. R5e2 Nf6 27. h6 fxg4 28. Qh1 Bf8 29. Qh4 Qf7 30. Bc2 Re7 31. f5 gxf5 32. Bg5 Nd5 33. Bxe7 Bxe7 34. Qg3 Bg5 35. Bb3 Bf4 36. Bxd5 Bxg3 37. Bxe6 Bd6 38. Bxf7+ Kxf7 39. Re6 Rd8 40. Kg2 f4 41. f3 g3 42. R6e4 Rg8 43. Re6 Rd8 44. R1e2 a5 45. Re1 b4 46. c4 c5 47. R6e4 Kg6 48. Rd1 Bb8 49. Re6+ Kf7 50. d5 Bd6 51. Rh1 a4 52. Rh5 b3 53. axb3 axb3 54. Rf5+ Kg8 55. Rg5+ Kh8 56. Rg7 Rb8 57. Rxd6 b2 58. Rdd7 b1Q 0-1

[Event "Titled Tuesday intern op 17th Sep Early"]
[Site "Chess,com INT"]
[Date "2024.09.17"]
[Round "3"]
[White "Domalchuk Jonasson, Aleksandr"]
[Black "Sargissyan, Sargis"]
[Result "0-1"]
[WhiteElo "2366"]
[BlackElo "2238"]
[PlyCount "96"]
[EventDate "2024.09.17"]
[EventType "swiss (blitz)"]
[EventRounds "11"]
[EventCountry "USA"]
[SourceTitle "EXT 2025"]
[Source "ChessBase"]
[SourceDate "2024.10.14"]
[SourceVersion "1"]
[SourceVersionDate "2024.10.14"]
[SourceQuality "1"]

1. Nf3 Nf6 2. c4 g6 3. Nc3 Bg7 4. e4 d6 5. d4 0-0 6. h3 e5 7. dxe5 dxe5 8. Qxd8 Rxd8 9. Nd5 Nxd5 10. cxd5 c6 11. Bc4 cxd5 12. Bxd5 Nd7 13. Bg5 Re8 14. Rc1 h6 15. Be3 Nf6 16. Rc7 Nxd5 17. exd5 e4 18. Nd4 Be5 19. Rc4 Bd7 20. Bxh6 Rac8 21. Rxc8 Rxc8 22. Nb3 Bb5 23. Kd1 Rd8 24. Re1 Rxd5+ 25. Kc1 Bd3 26. Be3 Rd8 27. Bxa7 Rc8+ 28. Kd2 Bxb2 29. Ke3 Bg7 30. Rc1 Bh6+ 31. f4 exf3+ 32. Kxd3 Bxc1 33. gxf3 Bf4 34. Nc5 Ra8 35. Bb6 Rxa2 36. Ke4 Bh6 37. Nd7 Bg7 38. Nc5 Rb2 39. Bd8 b5 40. Nd3 Rc2 41. Be7 Bf8 42. Bf6 b4 43. h4 b3 44. Ke3 Bg7 45. Bxg7 Kxg7 46. Ne1 b2 47. Nxc2 b1Q 48. Nd4 Qe1+ 0-1

[Event "Titled Tuesday intern op 17th Sep Early"]
[Site "Chess,com INT"]
[Date "2024.09.17"]
[Round "11"]
[White "Novoselov, Roman"]
[Black "Sargissyan, Sargis"]
[Result "1-0"]
[WhiteElo "2261"]
[BlackElo "2238"]
[PlyCount "63"]
[EventDate "2024.09.17"]
[EventType "swiss (blitz)"]
[EventRounds "11"]
[EventCountry "USA"]
[SourceTitle "EXT 2025"]
[Source "ChessBase"]
[SourceDate "2024.10.14"]
[SourceVersion "1"]
[SourceVersionDate "2024.10.14"]
[SourceQuality "1"]

1. e4 e5 2. Nf3 Nc6 3. Bc4 Bc5 4. c3 Nf6 5. d3 0-0 6. Nbd2 a5 7. a4 d6 8. 0-0 Be6 9. Bb3 d5 10. h3 h6 11. Re1 Re8 12. Bc2 Qd7 13. exd5 Bxd5 14. Ne4 Nxe4 15. dxe4 Be6 16. Qe2 Rad8 17. Be3 Qe7 18. Qb5 Bxe3 19. Rxe3 Bc8 20. Bb3 Rd6 21. Bd5 Bd7 22. Qxb7 Rb8 23. Qxc7 Rxb2 24. Rd1 g6 25. Bxf7+ Kxf7 26. Rxd6 Rb1+ 27. Kh2 Rb7 28. Qxb7 Qxd6 29. Qb5 Kf6 30. Rd3 Nd4 31. cxd4 Bxb5 32. dxe5+ 1-0

[Event "Titled Tuesday intern op 17th Sep Early"]
[Site "Chess,com INT"]
[Date "2024.09.17"]
[Round "9"]
[White "Palczert, Matyas"]
[Black "Sargissyan, Sargis"]
[Result "0-1"]
[WhiteElo "2345"]
[BlackElo "2238"]
[PlyCount "126"]
[EventDate "2024.09.17"]
[EventType "swiss (blitz)"]
[EventRounds "11"]
[EventCountry "USA"]
[SourceTitle "EXT 2025"]
[Source "ChessBase"]
[SourceDate "2024.10.14"]
[SourceVersion "1"]
[SourceVersionDate "2024.10.14"]
[SourceQuality "1"]

1. e4 e5 2. Nf3 Nc6 3. Nc3 Nf6 4. a4 Bb4 5. Bd3 d6 6. 0-0 0-0 7. Nd5 a5 8. c3 Bc5 9. Bc4 Nxd5 10. Bxd5 Qf6 11. Bxc6 bxc6 12. d4 Bb6 13. Be3 Bg4 14. h3 Bxf3 15. Qxf3 Qxf3 16. gxf3 f5 17. dxe5 dxe5 18. Rad1 Rad8 19. exf5 Kf7 20. b4 Kf6 21. Rb1 Kxf5 22. bxa5 Bxa5 23. Rb7 Rb8 24. Rfb1 Rxb7 25. Rxb7 Ra8 26. c4 Ke6 27. Kf1 Kd7 28. Ke2 Kc8 29. Rb3 Bb6 30. c5 Ba5 31. Kd3 Kd7 32. Ke4 Ke6 33. Rb1 Bc3 34. Kd3 Ba5 35. Kc4 g6 36. Rd1 Rb8 37. Bd2 Bxd2 38. Rxd2 Ra8 39. Ra2 Ra7 40. a5 Kf5 41. Kb4 Kf4 42. Ra3 e4 43. fxe4 Kxe4 44. a6 Kd4 45. Ka5 Kxc5 46. Rb3 Kd6 47. Rb7 Ra8 48. a7 c5 49. Ka6 Kc6 50. Rb8 Rxa7+ 51. Kxa7 c4 52. Ka6 Kc5 53. Rb1 c3 54. Kb7 Kc4 55. Kxc7 c2 56. Rc1 Kc3 57. Kd6 Kd2 58. Rh1 c1Q 59. Rg1 Qc3 60. Rg3 Qb4+ 61. Ke6 Qb6+ 62. Kf7 Qxf2+ 63. Kg7 Qxg3 0-1

[Event "Titled Tuesday intern op 17th Sep Early"]
[Site "Chess,com INT"]
[Date "2024.09.17"]
[Round "4"]
[White "Sargissyan, Sargis"]
[Black "Korchmar, Vasiliy"]
[Result "1-0"]
[WhiteElo "2238"]
[BlackElo "2429"]
[PlyCount "79"]
[EventDate "2024.09.17"]
[EventType "swiss (blitz)"]
[EventRounds "11"]
[EventCountry "USA"]
[SourceTitle "EXT 2025"]
[Source "ChessBase"]
[SourceDate "2024.10.14"]
[SourceVersion "1"]
[SourceVersionDate "2024.10.14"]
[SourceQuality "1"]

1. e4 c5 2. Nf3 d6 3. d4 cxd4 4. Nxd4 Nf6 5. Nc3 Nc6 6. Bg5 Bd7 7. Qd2 a6 8. f4 e6 9. 0-0-0 Be7 10. Nf3 b5 11. Bxf6 gxf6 12. Kb1 Qb6 13. f5 0-0-0 14. Ne2 b4 15. Nf4 Rhe8 16. g3 Kb8 17. Bh3 Bf8 18. Nh5 exf5 19. exf5 Re3 20. Rhf1 Ne5 21. Bg2 Bb5 22. Nxe5 fxe5 23. Rfe1 Rxe1 24. Rxe1 Be7 25. f6 Bf8 26. Qd5 Qa7 27. Ng7 Rc8 28. Nf5 Bc6 29. Qd2 Bxg2 30. Qxg2 Qb7 31. Qd2 a5 32. Rd1 Ka8 33. Nxd6 Bxd6 34. Qxd6 e4 35. Qd5 Qxd5 36. Rxd5 Rc6 37. Rd8+ Kb7 38. Rd7+ Kb6 39. Rxf7 Rxf6 40. Rxf6+ 1-0

[Event "Titled Tuesday intern op 10th Sep Early"]
[Site "Chess,com INT"]
[Date "2024.09.10"]
[Round "3"]
[White "Gutierrez Olivares, Daniel"]
[Black "Sargissyan, Sargis"]
[Result "1-0"]
[WhiteElo "2354"]
[BlackElo "2238"]
[PlyCount "89"]
[EventDate "2024.09.10"]
[EventType "swiss (blitz)"]
[EventRounds "11"]
[EventCountry "USA"]
[SourceTitle "EXT 2025"]
[Source "ChessBase"]
[SourceDate "2024.10.14"]
[SourceVersion "1"]
[SourceVersionDate "2024.10.14"]
[SourceQuality "1"]

1. b3 Nf6 2. Bb2 g6 3. e3 Bg7 4. Nf3 0-0 5. c4 c5 6. g3 Nc6 7. Bg2 d6 8. 0-0 e5 9. Nc3 Re8 10. d3 h6 11. Qe2 Bf5 12. Nh4 Be6 13. Rfc1 Rc8 14. Rab1 b6 15. a3 d5 16. cxd5 Nxd5 17. Ne4 Qd7 18. Ba1 Kh7 19. Rd1 Red8 20. Nf3 f5 21. Ned2 b5 22. e4 Nde7 23. a4 a6 24. exf5 Bxf5 25. Ne4 Nd4 26. Bxd4 exd4 27. axb5 axb5 28. Nh4 Nd5 29. Nxf5 Qxf5 30. Qf1 Nc3 31. Bh3 Qf7 32. Bxc8 Nxe4 33. dxe4 Rxc8 34. Qxb5 Qf3 35. Qd3 Qf7 36. f4 Bf8 37. Rbc1 Rb8 38. Rc4 Qb7 39. Rb1 h5 40. e5 Qd5 41. f5 Qxe5 42. fxg6+ Kg7 43. Rf1 Rb7 44. Rc2 Bd6 45. Rcf2 1-0

[Event "Titled Tuesday intern op 10th Sep Early"]
[Site "Chess,com INT"]
[Date "2024.09.10"]
[Round "10"]
[White "Sargissyan, Sargis"]
[Black "Herbrig, Alexander"]
[Result "0-1"]
[WhiteElo "2238"]
[BlackElo "2295"]
[PlyCount "36"]
[EventDate "2024.09.10"]
[EventType "swiss (blitz)"]
[EventRounds "11"]
[EventCountry "USA"]
[SourceTitle "EXT 2025"]
[Source "ChessBase"]
[SourceDate "2024.10.14"]
[SourceVersion "1"]
[SourceVersionDate "2024.10.14"]
[SourceQuality "1"]

1. e4 c5 2. Nf3 d6 3. d4 cxd4 4. Nxd4 Nf6 5. Nc3 g6 6. Be3 Nc6 7. Be2 Bg7 8. Qd2 Bd7 9. 0-0-0 Rc8 10. h4 h5 11. Kb1 Ne5 12. f3 0-0 13. Nd5 Nxd5 14. exd5 Nc4 15. Bxc4 Rxc4 16. c3 Qa5 17. Nb3 Bf5+ 18. Kc1 Qxa2 0-1

[Event "Titled Tuesday intern op 10th Sep Early"]
[Site "Chess,com INT"]
[Date "2024.09.10"]
[Round "8"]
[White "Sargissyan, Sargis"]
[Black "Kobalia, Mihail"]
[Result "0-1"]
[WhiteElo "2238"]
[BlackElo "2543"]
[PlyCount "62"]
[EventDate "2024.09.10"]
[EventType "swiss (blitz)"]
[EventRounds "11"]
[EventCountry "USA"]
[SourceTitle "EXT 2025"]
[Source "ChessBase"]
[SourceDate "2024.10.14"]
[SourceVersion "1"]
[SourceVersionDate "2024.10.14"]
[SourceQuality "1"]

1. e4 c5 2. Nf3 e6 3. d4 cxd4 4. Nxd4 Nc6 5. Bf4 d6 6. Nxc6 bxc6 7. c4 Nf6 8. Nc3 Rb8 9. Qd2 Qb6 10. 0-0-0 e5 11. Be3 Qc7 12. c5 dxc5 13. Bc4 Be7 14. f4 Ng4 15. f5 Rb4 16. b3 Nxe3 17. Qxe3 a5 18. Na4 Qa7 19. Rd3 Ba6 20. Rc3 Bxc4 21. Rxc4 Rxc4+ 22. bxc4 0-0 23. Kc2 Rd8 24. Rd1 Rd4 25. Rxd4 cxd4 26. Qb3 g6 27. g4 Bf8 28. Qb6 Qe7 29. Qxc6 Qa3 30. fxg6 hxg6 31. c5 Qxa2+ 0-1

[Event "IPCA Wch 23rd"]
[Site "Gyumri"]
[Date "2024.07.24"]
[Round "6"]
[White "Sargissyan, Sargis"]
[Black "Gurbanov, Andrei"]
[Result "1/2-1/2"]
[WhiteElo "2233"]
[BlackElo "2283"]
[PlyCount "26"]
[EventDate "2024.07.20"]
[EventType "swiss"]
[EventRounds "9"]
[EventCountry "ARM"]
[SourceTitle "CBM 221 Extra"]
[Source "ChessBase"]
[SourceDate "2024.09.30"]
[SourceVersion "1"]
[SourceVersionDate "2024.09.30"]
[SourceQuality "1"]

1. e4 e5 2. Nf3 d6 3. d4 exd4 4. Nxd4 Nf6 5. Nc3 Be7 6. Bf4 0-0 7. Be2 Re8 8. 0-0 Bf8 9. Bf3 Nbd7 10. Nf5 Ne5 11. Ng3 Nxf3+ 12. Qxf3 Ng4 13. Nf5 Ne5 1/2-1/2

[Event "IPCA Wch 23rd"]
[Site "Gyumri"]
[Date "2024.07.23"]
[Round "5"]
[White "Sargissyan, Sargis"]
[Black "Dzenisenia, Mikhail"]
[Result "1/2-1/2"]
[WhiteElo "2233"]
[BlackElo "1830"]
[PlyCount "67"]
[EventDate "2024.07.20"]
[EventType "swiss"]
[EventRounds "9"]
[EventCountry "ARM"]
[SourceTitle "CBM 221 Extra"]
[Source "ChessBase"]
[SourceDate "2024.09.30"]
[SourceVersion "1"]
[SourceVersionDate "2024.09.30"]
[SourceQuality "1"]

1. e4 c5 2. Nf3 e6 3. d4 cxd4 4. Nxd4 Nc6 5. Bf4 Qa5+ 6. Nc3 e5 7. Nb3 Qd8 8. Bd2 h6 9. Nd5 Nf6 10. Qf3 d6 11. 0-0-0 Nxd5 12. exd5 Ne7 13. a3 f5 14. Qe2 h5 15. f4 Ng6 16. g3 Be7 17. Bc3 Bf6 18. Nd4 0-0 19. fxe5 Nxe5 20. Qxh5 g6 21. Qe2 Re8 22. Bg2 Ng4 23. Qf3 Re3 24. Qf1 Qb6 25. Rd3 Rxd3 26. Qxd3 Nf2 27. Qe3 Nxh1 28. Qe8+ Kh7 29. Nf3 Bxc3 30. bxc3 Qc7 31. Qf8 Qg7 32. Ng5+ Kh6 33. Nf7+ Kh7 34. Ng5+ 1/2-1/2

[Event "IPCA Wch 23rd"]
[Site "Gyumri"]
[Date "2024.07.22"]
[Round "3"]
[White "Safronov, Grigoriy"]
[Black "Sargissyan, Sargis"]
[Result "0-1"]
[WhiteElo "1847"]
[BlackElo "2233"]
[PlyCount "126"]
[EventDate "2024.07.20"]
[EventType "swiss"]
[EventRounds "9"]
[EventCountry "ARM"]
[SourceTitle "CBM 221 Extra"]
[Source "ChessBase"]
[SourceDate "2024.09.30"]
[SourceVersion "1"]
[SourceVersionDate "2024.09.30"]
[SourceQuality "1"]

1. d4 Nf6 2. c4 g6 3. Nc3 d5 4. cxd5 Nxd5 5. e4 Nxc3 6. bxc3 Bg7 7. Nf3 0-0 8. Be3 c5 9. Be2 Nd7 10. Qc2 Qc7 11. Rc1 Nf6 12. Qb1 b6 13. Ne5 Bb7 14. f3 Nd7 15. Nd3 c4 16. Nf2 e5 17. 0-0 f5 18. d5 f4 19. Bd2 Rfc8 20. Be1 Bf8 21. Nd1 a6 22. Bf2 b5 23. a4 Qa5 24. Nb2 Nc5 25. Bd1 Rab8 26. Qa2 Bd6 27. Kh1 Kg7 28. g3 Rf8 29. Kg2 Bc8 30. gxf4 Rxf4 31. Bg3 Rf7 32. Be2 Nb3 33. Rc2 Bd7 34. Rb1 Rc8 35. Rd1 h5 36. h4 Nc5 37. Rdc1 Nb3 38. Rd1 Be8 39. Rf1 Nc5 40. Rb1 Rfc7 41. Bxc4 Nxa4 42. Bb3 Rc5 43. Bf2 R5c7 44. Be1 Bd7 45. Bxa4 bxa4 46. c4 Qc5 47. Nxa4 Bxa4 48. Qxa4 Qe3 49. Bf2 Qf4 50. Rb6 Rf7 51. Rc3 Bc5 52. Rc6 Bxf2 53. Kxf2 Qd2+ 54. Kg1 Rxc6 55. dxc6 Qxc3 56. Qd1 Qd4+ 57. Qxd4 exd4 58. Kf2 Rc7 59. Ke2 Rxc6 60. Kd3 Kf6 61. Kxd4 Ke6 62. c5 a5 63. Kc4 a4 0-1

[Event "IPCA Wch 23rd"]
[Site "Gyumri"]
[Date "2024.07.20"]
[Round "1"]
[White "Gaziev, Amir"]
[Black "Sargissyan, Sargis"]
[Result "0-1"]
[WhiteElo "1787"]
[BlackElo "2233"]
[PlyCount "52"]
[EventDate "2024.07.20"]
[EventType "swiss"]
[EventRounds "9"]
[EventCountry "ARM"]
[SourceTitle "CBM 221 Extra"]
[Source "ChessBase"]
[SourceDate "2024.09.30"]
[SourceVersion "1"]
[SourceVersionDate "2024.09.30"]
[SourceQuality "1"]

1. d4 Nf6 2. c4 g6 3. f3 d5 4. cxd5 Nxd5 5. e4 Nb6 6. d5 Bg7 7. Nc3 0-0 8. Be3 c6 9. Qd2 cxd5 10. Rd1 e6 11. a4 Nc6 12. Bb5 d4 13. Bxc6 Nc4 14. Qe2 Nxe3 15. Qxe3 dxe3 16. Rxd8 Rxd8 17. Bb5 a6 18. Bc4 b5 19. Bb3 Bxc3+ 20. bxc3 bxa4 21. Bxa4 Bd7 22. Bc2 Bb5 23. Bd1 Rd2 24. Ne2 Rad8 25. Nd4 Rxd1+ 26. Kxd1 e5 0-1

[Event "Titled Tuesday intern op 25th Jun Early"]
[Site "Chess.com INT"]
[Date "2024.06.25"]
[Round "10"]
[White "Budrewicz, Krzysztof"]
[Black "Sargissyan, Sargis"]
[Result "0-1"]
[WhiteElo "2185"]
[BlackElo "2231"]
[PlyCount "64"]
[EventDate "2024.06.25"]
[EventType "swiss (blitz)"]
[EventRounds "11"]
[EventCountry "USA"]
[SourceTitle "EXT 2025"]
[Source "ChessBase"]
[SourceDate "2024.10.14"]
[SourceVersion "1"]
[SourceVersionDate "2024.10.14"]
[SourceQuality "1"]

1. d4 d6 2. c4 e5 3. Nf3 e4 4. Nfd2 f5 5. Nc3 Nf6 6. Nb3 Be7 7. Bg5 0-0 8. e3 c6 9. Be2 h6 10. Bxf6 Bxf6 11. Rc1 Na6 12. 0-0 Kh8 13. f3 d5 14. fxe4 fxe4 15. cxd5 cxd5 16. Nc5 Nxc5 17. dxc5 Be6 18. Qd2 Be5 19. Nb5 Qh4 20. g3 Bxg3 21. hxg3 Qxg3+ 22. Kh1 Bh3 23. Rg1 Qh4 24. Bf3 Rxf3 25. Qh2 Bg2+ 26. Rxg2 Rh3 27. Nd6 Rf8 28. Nxb7 Rff3 29. c6 Rxh2+ 30. Rxh2 Rh3 31. Rcc2 Qe1+ 32. Kg2 Rg3# 0-1

[Event "Titled Tuesday intern op 25th Jun Early"]
[Site "Chess.com INT"]
[Date "2024.06.25"]
[Round "3"]
[White "Emujin, Enkh Amgalan"]
[Black "Sargissyan, Sargis"]
[Result "1-0"]
[WhiteElo "1906"]
[BlackElo "2231"]
[PlyCount "75"]
[EventDate "2024.06.25"]
[EventType "swiss (blitz)"]
[EventRounds "11"]
[EventCountry "USA"]
[SourceTitle "EXT 2025"]
[Source "ChessBase"]
[SourceDate "2024.10.14"]
[SourceVersion "1"]
[SourceVersionDate "2024.10.14"]
[SourceQuality "1"]

1. e4 e5 2. Nf3 Nc6 3. Bb5 a6 4. Ba4 Nf6 5. 0-0 Be7 6. Re1 b5 7. Bb3 0-0 8. a4 Bb7 9. Nc3 b4 10. Nd5 d6 11. c3 Na5 12. cxb4 Nxb3 13. Qxb3 Nxd5 14. exd5 c6 15. dxc6 Bxc6 16. Qc3 Qb6 17. d3 Rac8 18. Be3 Qb7 19. Qd2 Bxf3 20. gxf3 Qxf3 21. b5 f5 22. Qe2 Qh3 23. Qf1 Qh5 24. Kh1 f4 25. Bd2 axb5 26. axb5 Rb8 27. d4 Qf3+ 28. Qg2 Qh5 29. dxe5 Rxb5 30. exd6 Bxd6 31. Bc3 Rg5 32. Qe4 f3 33. Qe6+ Kh8 34. Qxd6 Rg8 35. Re5 Qh4 36. Rxg5 Qxg5 37. Rg1 Qh6 38. Qxh6 1-0

[Event "Titled Tuesday intern op 25th Jun Early"]
[Site "Chess.com INT"]
[Date "2024.06.25"]
[Round "7"]
[White "Nadera, Barlo A"]
[Black "Sargissyan, Sargis"]
[Result "1-0"]
[WhiteElo "2115"]
[BlackElo "2231"]
[PlyCount "63"]
[EventDate "2024.06.25"]
[EventType "swiss (blitz)"]
[EventRounds "11"]
[EventCountry "USA"]
[SourceTitle "EXT 2025"]
[Source "ChessBase"]
[SourceDate "2024.10.14"]
[SourceVersion "1"]
[SourceVersionDate "2024.10.14"]
[SourceQuality "1"]

1. d4 Nf6 2. c4 g6 3. Nc3 Bg7 4. e4 d6 5. Be2 0-0 6. g4 c5 7. g5 Nfd7 8. d5 e6 9. Qd3 exd5 10. cxd5 Ne5 11. Qg3 f5 12. gxf6 Qxf6 13. h4 Na6 14. Bg5 Qf7 15. a3 c4 16. h5 Nc5 17. hxg6 Ned3+ 18. Kd2 Qxg6 19. Bxd3 Nxd3 20. f3 Nxb2 21. Rf1 Nd3 22. Nge2 b5 23. Nxb5 Rb8 24. Nxd6 Rb2+ 25. Ke3 Be5 26. Qh4 Bxd6 27. Be7 Bxe7 28. Qxe7 Ba6 29. Rfg1 Rf7 30. Rxg6+ hxg6 31. Qe8+ Rf8 32. Qxg6# 1-0

[Event "Titled Tuesday intern op 18th Jun Early"]
[Site "Chess.com INT"]
[Date "2024.06.18"]
[Round "5"]
[White "Bodnaruk, Anastasia"]
[Black "Sargissyan, Sargis"]
[Result "1-0"]
[WhiteElo "2355"]
[BlackElo "2231"]
[PlyCount "113"]
[EventDate "2024.06.18"]
[EventType "swiss (blitz)"]
[EventRounds "11"]
[EventCountry "USA"]
[SourceTitle "EXT 2025"]
[Source "ChessBase"]
[SourceDate "2024.10.14"]
[SourceVersion "1"]
[SourceVersionDate "2024.10.14"]
[SourceQuality "1"]

1. e4 e5 2. Nf3 Nc6 3. Bb5 a6 4. Ba4 Nf6 5. 0-0 Be7 6. Re1 b5 7. Bb3 0-0 8. a4 Bb7 9. d3 d6 10. c3 h6 11. Nbd2 Re8 12. Nf1 Bf8 13. Ne3 Na5 14. Ba2 d5 15. exd5 Nxd5 16. Bxd5 Bxd5 17. b4 Nc6 18. axb5 Bxf3 19. Qxf3 axb5 20. Rxa8 Qxa8 21. Nf5 Ne7 22. Nxe7+ Bxe7 23. Qg3 Bf6 24. Bxh6 e4 25. d4 Qd5 26. Bf4 c6 27. f3 Re6 28. Bd2 Qa2 29. Qf2 exf3 30. Rxe6 Qxe6 31. gxf3 Qf5 32. Qe3 Qc2 33. Qe8+ Kh7 34. Qe4+ Qxe4 35. fxe4 Bh4 36. Kg2 g6 37. Kf3 f5 38. exf5 gxf5 39. Kf4 Kg6 40. Ke5 Bg5 41. Bf4 Bh4 42. Kd6 Be1 43. Kxc6 Bxc3 44. Kc5 Kh5 45. d5 Kg4 46. Bc1 f4 47. d6 f3 48. Be3 Bf6 49. Kxb5 Kh3 50. Kc6 Kg2 51. b5 Bg5 52. Bc5 Kf1 53. b6 Ke2 54. d7 Be3 55. Bxe3 Kxe3 56. d8Q f2 57. Qd1 1-0

[Event "Titled Tuesday intern op 18th Jun Early"]
[Site "Chess.com INT"]
[Date "2024.06.18"]
[Round "1"]
[White "Bryakin, Mikhail"]
[Black "Sargissyan, Sargis"]
[Result "1-0"]
[WhiteElo "2469"]
[BlackElo "2231"]
[PlyCount "125"]
[EventDate "2024.06.18"]
[EventType "swiss (blitz)"]
[EventRounds "11"]
[EventCountry "USA"]
[SourceTitle "EXT 2025"]
[Source "ChessBase"]
[SourceDate "2024.10.14"]
[SourceVersion "1"]
[SourceVersionDate "2024.10.14"]
[SourceQuality "1"]

1. e4 e5 2. Nf3 Nc6 3. Nc3 Nf6 4. d4 exd4 5. Nxd4 Bb4 6. Nxc6 bxc6 7. Bd3 0-0 8. 0-0 d5 9. exd5 Bg4 10. Be2 Bxe2 11. Nxe2 cxd5 12. Bg5 Be7 13. Qd3 h6 14. Bxf6 Bxf6 15. c3 Rb8 16. b3 Re8 17. Rad1 c6 18. c4 Qa5 19. Nc1 Rbd8 20. g3 dxc4 21. Qxc4 Rxd1 22. Rxd1 Re1+ 23. Rxe1 Qxe1+ 24. Qf1 Qd2 25. a4 Bd4 26. Nd3 Qc2 27. b4 Qxa4 28. Qe2 g6 29. Qe4 Qd1+ 30. Kg2 Bf6 31. h4 h5 32. Nf4 Kg7 33. Qxc6 Qd4 34. b5 Be5 35. Ne2 Qd3 36. Ng1 Bf6 37. Nf3 Qe2 38. Qd5 Bb2 39. Ng5 Qe7 40. Ne4 Qe5 41. Qc4 Qd4 42. Qc6 Ba3 43. Ng5 Qf6 44. Qb7 Bb2 45. Ne4 Qd4 46. Ng5 Qf6 47. Nf3 Bd4 48. Qd7 Bb6 49. Qd5 Qb2 50. Ng5 Qxf2+ 51. Kh3 Qf5+ 52. Qxf5 gxf5 53. Kg2 f6 54. Ne6+ Kf7 55. Nf4 Ke7 56. Nxh5 Kd6 57. Ng7 f4 58. h5 f5 59. h6 Bd4 60. Nxf5+ Kd5 61. Nxd4 Kxd4 62. h7 Kc5 63. gxf4 1-0

[Event "Titled Tuesday intern op 18th Jun Early"]
[Site "Chess.com INT"]
[Date "2024.06.18"]
[Round "3"]
[White "Sargissyan, Sargis"]
[Black "Feliz Dotel, Dewar Bienvenido"]
[Result "1-0"]
[WhiteElo "2231"]
[BlackElo "2027"]
[PlyCount "81"]
[EventDate "2024.06.18"]
[EventType "swiss (blitz)"]
[EventRounds "11"]
[EventCountry "USA"]
[SourceTitle "EXT 2025"]
[Source "ChessBase"]
[SourceDate "2024.10.14"]
[SourceVersion "1"]
[SourceVersionDate "2024.10.14"]
[SourceQuality "1"]

1. c4 c6 2. e4 d5 3. exd5 cxd5 4. cxd5 Nf6 5. Nc3 Nxd5 6. Bc4 e6 7. Nf3 Nc6 8. 0-0 Be7 9. d4 0-0 10. Re1 Nf6 11. Bg5 b6 12. a3 Bb7 13. Rc1 Rc8 14. Ba2 h6 15. Bh4 a6 16. Qd3 b5 17. Bb1 g6 18. Ne5 Nxe5 19. dxe5 Nd5 20. Nxd5 Rxc1 21. Rxc1 Bxh4 22. Nf4 Bg5 23. g3 Qb6 24. Qe3 Qxe3 25. fxe3 Rc8 26. Rxc8+ Bxc8 27. Be4 a5 28. b4 axb4 29. axb4 Bd7 30. Kf2 Be7 31. Nd3 Bf8 32. Nc5 Be8 33. Ke2 h5 34. Kd3 Be7 35. Kd4 h4 36. Bd3 hxg3 37. hxg3 Bg5 38. Ne4 Be7 39. Nf6+ Bxf6 40. exf6 Kf8 41. Kc5 1-0

[Event "Titled Tuesday intern op 18th Jun Early"]
[Site "Chess.com INT"]
[Date "2024.06.18"]
[Round "11"]
[White "Sargissyan, Sargis"]
[Black "Piddubna, Bozhena"]
[Result "0-1"]
[WhiteElo "2231"]
[BlackElo "2171"]
[PlyCount "132"]
[EventDate "2024.06.18"]
[EventType "swiss (blitz)"]
[EventRounds "11"]
[EventCountry "USA"]
[SourceTitle "EXT 2025"]
[Source "ChessBase"]
[SourceDate "2024.10.14"]
[SourceVersion "1"]
[SourceVersionDate "2024.10.14"]
[SourceQuality "1"]

1. Nc3 Nf6 2. e4 e5 3. Bc4 c6 4. Nf3 d5 5. Bb3 Bg4 6. h3 Bxf3 7. Qxf3 dxe4 8. Nxe4 Be7 9. d3 Nbd7 10. Be3 0-0 11. 0-0 Nxe4 12. dxe4 Bc5 13. Bd2 Qe7 14. Rad1 Rad8 15. Qg3 Kh8 16. Bg5 f6 17. Bc1 Nb6 18. Kh2 a5 19. a4 Bb4 20. c3 Bd6 21. Rd3 Nd7 22. Be3 Bc5 23. Rfd1 Bxe3 24. Qxe3 Nb8 25. Qb6 Rxd3 26. Rxd3 Rc8 27. Qxa5 h6 28. Qb6 Na6 29. Bc2 Nc5 30. Rd1 Ne6 31. b4 Nf4 32. g3 Ng6 33. Bb3 Nf8 34. Qc5 Qxc5 35. bxc5 Kh7 36. Kg2 Ra8 37. h4 Kg6 38. g4 h5 39. f3 hxg4 40. fxg4 Kh6 41. Kg3 Ng6 42. Rd7 Nf4 43. Rxb7 Rd8 44. a5 Rd3+ 45. Kf2 Rxc3 46. a6 Rxc5 47. a7 Ra5 48. Be6 Nd3+ 49. Ke2 Nc5 50. Re7 Nxe6 51. Rxe6 Rxa7 52. Rxc6 Ra3 53. Kf2 Kg6 54. Kg2 Ra2+ 55. Kf3 Ra3+ 56. Kg2 Re3 57. Rc4 Rd3 58. Rb4 Kh6 59. Ra4 g5 60. h5 Rd6 61. Kf3 Rb6 62. Rc4 Rb3+ 63. Kf2 Rb6 64. Rc8 Ra6 65. Rh8+ Kg7 66. Rc8 Ra2+ 0-1

[Event "Titled Tuesday intern op 04th Jun Early"]
[Site "Chess.com INT"]
[Date "2024.06.04"]
[Round "6"]
[White "Korneev, Svyatoslav"]
[Black "Sargissyan, Sargis"]
[Result "1-0"]
[WhiteElo "2193"]
[BlackElo "2231"]
[PlyCount "85"]
[EventDate "2024.06.04"]
[EventType "swiss (blitz)"]
[EventRounds "11"]
[EventCountry "USA"]
[SourceTitle "EXT 2025"]
[Source "ChessBase"]
[SourceDate "2024.10.14"]
[SourceVersion "1"]
[SourceVersionDate "2024.10.14"]
[SourceQuality "1"]

1. c4 Nf6 2. g3 g6 3. Bg2 Bg7 4. Nf3 0-0 5. 0-0 d6 6. Nc3 Nc6 7. d3 e5 8. Rb1 a5 9. a3 h6 10. b4 axb4 11. axb4 Be6 12. b5 Ne7 13. Nd2 Rb8 14. Ra1 Qd7 15. Ra7 Bh3 16. Qa4 Nc8 17. Ra5 Nh5 18. Nd5 f5 19. Bxh3 g5 20. Qb3 g4 21. Bg2 f4 22. c5 Kh8 23. c6 Qd8 24. cxb7 Rxb7 25. Ra8 c6 26. Nc3 d5 27. Qa4 e4 28. bxc6 Rc7 29. Nb5 f3 30. exf3 exf3 31. Bh1 Rxc6 32. Qxg4 Qb6 33. Rxc8 Rcxc8 34. Qxh5 Qxb5 35. Nxf3 Qxd3 36. Nh4 Rc6 37. Be3 d4 38. Bxc6 dxe3 39. Ng6+ Kg8 40. Nxf8 e2 41. Qd5+ Qxd5 42. Bxd5+ Kxf8 43. Re1 1-0